Music Quiz

Random Music or Artist Quiz
Score 0/14 Timer 02:00
9 Plays Today
% Correct
Hand
94.3%
Kill
92.4%
Comin'
91.2%
Head
91%
Really
89.5%
Line
86.8%
Baby
86.2%
% Correct
Nights
78.4%
On
73.5%
Now
67.2%
Me
56.5%
Loosely
55.8%
Back
55.6%
Up
47.5%

You're not logged in!

Compare scores with friends on all Sporcle quizzes.
OR
Log In

Sporcle TV

Today on Sporcle TV


Watch our educational content, quiz creation guides, and fun videos on Sporcle TV.

Show Comments

Extras

Top Quizzes Today


Score Distribution

Paid Content

Your Account Isn't Verified!

In order to create a playlist on Sporcle, you need to verify the email address you used during registration. Go to your Sporcle Settings to finish the process.

Report this User

Report this user for behavior that violates our Community Guidelines.

Details: